Demokrasi, anayasalar, partiler ve Türkiye'nin siyasal rejimi üzerine yazılar/ (Record no. 14661)
[ view plain ]
| 000 -BAŞLIK | |
|---|---|
| Sabit Uzunlukta Kontrol Alanı | 00633nam a22002057a 4500 |
| 999 ## - SİSTEM KONTROL NUMARALARI (KOHA) | |
| Koha Biblionumber | 14661 |
| Koha Biblioitemnumber | 14661 |
| 003 - KONTROL NUMARASI IDENTIFIER | |
| Denetim Alanı | MIRAKIL |
| 005 - SON İŞLEM TARİHİ VE ZAMANI | |
| Denetim Alanı | 20211207165258.0 |
| 008 - SABİT-BOY VERİ ELEMANLARI - GENEL BİLGİLER | |
| Sabit Uzunlukta Kontrol Alanı | 211207b tu ||||| |||| 00| 0 tur d |
| 040 ## - KATALOGLAMA KAYNAK | |
| Orijinal Kataloglama Ajansı | TR-AnCHP |
| Kataloglama Dili | tur |
| Metne Dönüştürmek Ajansı | TR-AnCHP |
| 041 ## - DİL KODU | |
| Metin / Ses Parça Veya Ayrı Başlığın Dil Kodu | tur |
| 082 ## - DEWEY ONLU SINIFLANDIRMA NUMARASI | |
| Sınıflandırma Numarası | 320.9561 |
| Ürün Numarası | P26d 1986 |
| 100 ## - ANA GİRİŞ - KİŞİSEL İSİM | |
| Kişisel Ad | Parla, Taha |
| 245 ## - BAŞLIK TABLOSU | |
| Başlık | Demokrasi, anayasalar, partiler ve Türkiye'nin siyasal rejimi üzerine yazılar/ |
| Sorumluluk Tablosu, Vb | Taha Parla. |
| 260 ## - YAYIN, DAĞITIM, VB | |
| Yayın, Dağıtım, Vb Yeri | İstanbul: |
| Yayıncı, Dağıtıcı, Vs Adı | Onur Yayınları, |
| Yayın, Dağıtım, Vb Tarihi | 1986 |
| 300 ## - FİZİKSEL TANIM | |
| Kapsam | 194 s.: |
| Boyutlar | 20 sm. |
| 650 ## - KONU KATMA GİRİŞ - TOPİKAL DÖNEM | |
| Topikal Süreli Veya Coğrafi Ad Giriş Elemanı | Siyaset ve yönetim |
| Genel Alt Bölümü | Türkiye |
| 650 #0 - KONU KATMA GİRİŞ - TOPİKAL DÖNEM | |
| Topikal Süreli Veya Coğrafi Ad Giriş Elemanı | Siyasi partiler |
| Genel Alt Bölümü | Türkiye |
| 9 (RLIN) | 804 |
| 650 #0 - KONU KATMA GİRİŞ - TOPİKAL DÖNEM | |
| Topikal Süreli Veya Coğrafi Ad Giriş Elemanı | Demokrasi |
| Genel Alt Bölümü | Türkiye |
| 9 (RLIN) | 7 |
| 942 ## - EKLENDİ GİRİŞ ELEMANLARI (KOHA) | |
| Sınıflandırma Veya Raf Düzeni Kaynak | Dewey Decimal Classification |
| Koha Öğesi Türü | Books |
| Kalıcı Konum | Mevcut Konum | Edinme Tarihi | Toplam Check-Out'Lar | Tam Çağrı Numarası | Barkod | Tarih Son Görülme | İtibaren Geçerli Fiyatlar | Sigara Kamu Notu | Koha Öğesi Türü |
|---|---|---|---|---|---|---|---|---|---|
| CHP Kütüphanesi | CHP Kütüphanesi | 12/07/2021 | 320.9561 P26d 1986 | 020152 | 12/07/2021 | 12/07/2021 | Emin Değer Bağışıdır. | Books |
